Estadísticas para Aerolíneas en Colombia (2024)

Haz click aquí para intentar la prueba.

Estadísticas generales

  • Esta prueba ha sido intentada 19 veces
  • La puntuación promedio es 4 de 6

Estadísticas de respuestas

Respuesta% Correcto
Avianca
100%
Latam
100%
Wingo
67%
Clic
60%
Satena
53%
Jetsmart
40%

Distribución de puntuación

Porcentaje por número respondido

Porcentaje de gente con cada puntuación

Historial de tus puntuaciones

No has intentado esta prueba.